00547 2200193 4500001002100000005001500021035002000036007000300056008003900059082001200098084001800110100001800128245008500146260003700231300004100268650001100309650002000320022001300340INLIS00000000000133320250521090430 a0010-0525000015ta250521 | | |  a636.595 a636.595 RAD e0 aRadzil, R H M1 aEconomic efficiency of beef cattle farms in Peninsular Malaysia /cRadzil, R H M aBristol :bIOP Publishing,c2024 a1-15 hlm, :bIlus ;c21 cm x 29,7 cm 4aJurnal 4aPeternakan Sapi a17551315